LEADER 00938nam a2200205 i 4500 001 000000230528 003 CaOOAMICUS 005 20250918090358.0 008 140611s1743 it u000 u ita u 013 $a209430 026 $aa.a- fuse a-L' plno (3) 1743 (R) 040 $aSeMil$bita 245 10$aTomo nono, che contiene Geremia, Baruc, ed Ezechiele .. 300 $a[4], 445, [3] p. 500 $aSegn.: pg2 A-3K4(3K4 bianca). 773 0 $aOrazio : da Parma, <1673-1757>$tEsposizioni letterali, e morali sopra la sacra scrittura ... Opera di f. Orazio da Parma ... Tomo 1. [-13.].$dVenezia : Appresso Francesco Pitteri, in Merceria all' Insegna della fortuna trionfante, 1736-1746.$g9$w()30055 850 $aSeMil 852 $aSeMil$W1$xVenegono$y1$m2V III 15 FA$j180874$B180874$CSeMilBibl$Z2$F191738 $8I 996 $6245$aTomo nono, che contiene Geremia, Baruc, ed Ezechiele ..$9(OLS)http://semarc/title/329352 LEADER 00808nam a2200181 i 4500 001 000000233552 003 CaOOAMICUS 005 20140922000000.0 008 140922s1787 it u000 u ita u 013 $a212455 026 $aI.LO d'I. a.la Vest (3) 1787 (R) 040 $aSeMil$bita 245 10$aTomo 5. Che contiene le lettere di S. Paolo a' Tessalonicesi, Timoteo, Tito, Filemone, ed Ebrei. 300 $a360 p. 773 0 $tBibbia. Nuovo Testamento$dIn Roma : per Filippo Neri : si vende da Michelangelo Barbiellini alla Minerva, 1787-1788.$g5$w()29751 850 $aSeMil 852 $aSeMil$W1$xVenegono$y1$m2Y II 84 FA$j183898$B183898$CSeMilBibl$Z2$F194643 $8I 996 $6245$aTomo 5. Che contiene le lettere di S. Paolo a' Tessalonicesi, Timoteo, Tito, Filemone, ed Ebrei$9(OLS)http://semarc/title/327592